000 00344nam a2200133Ia 4500
008 100328s9999 xx 000 0 und d
082 _b23235
100 _aबेलसरे अरुण
245 _aकोंडवा
260 _bफिनिक्स
630 _aकोंडवा
730 _aकोंडवा
942 _cBOOK
999 _c516998
_d516995